000 00389nam a2200145Ia 4500
008 231129s2013||||xx |||||||||||||| ||spa||
020 _a978-958-46-1416-2
040 _bspa
082 _aCo863 Z35ca
100 _aZapata León Sergio
245 0 _aCalenturas de un pobre diablo
260 _c2013
264 _aEl Peregrino ediciones
942 _2ddc
_cBKS
999 _c6469
_d6469